LEADER 01285nam--2200385---450- 001 990002050460203316 005 20101213115402.0 035 $a000205046 035 $aUSA01000205046 035 $a(ALEPH)000205046USA01 035 $a000205046 100 $a20041005d1975----km-y0itay0103----ba 101 $aita 102 $aIT 105 $a||||||||001yy 200 1 $a<> stato giuridico e la carriera degli impiegati civili dello Stato$elegislazione, giurisprudenza, commento$fAntonio Bennati, Emidio Di Giambattista 210 $aNapoli$cJovene$d1975 215 $a895 p.$d25 cm 410 0$12001 454 1$12001 461 1$1001-------$12001 700 1$aBENNATI,$bAntonio$07326 701 1$aDI GIANBATTISTA,$bEmidio$0566821 801 0$aIT$bsalbc$gISBD 912 $a990002050460203316 951 $aXXV.2.E. 79 (IG V 162)$b31839/40 G.$cXXV.2.E. 79 (IG V)$d00172900 959 $aBK 969 $aGIU 979 $aSIAVPROV$b10$c20041005$lUSA01$h0910 979 $aSIAVPROV$b10$c20041005$lUSA01$h0916 979 $aSIAVPROV$b10$c20041005$lUSA01$h0917 979 $aRSIAV5$b90$c20090610$lUSA01$h1143 979 $aRSIAV2$b90$c20101213$lUSA01$h1154 996 $aStato giuridico e la carriera degli impiegati civili dello Stato$91040434 997 $aUNISA LEADER 01981nam 2200373Ia 450 001 996389382203316 005 20200824121257.0 035 $a(CKB)1000000000640731 035 $a(EEBO)2240939135 035 $a(UnM)99895462e 035 $a(UnM)99895462 035 $a(EXLCZ)991000000000640731 100 $a19980901d1661 uy | 101 0 $aeng 135 $aurbn||||a|bb| 200 14$aThe godly mans ark or, City of refuge in the day of his distresse$b[electronic resource] $ediscovered in divers sermons. The first of which was preached at the funeral of Mistress Elizabeth Moor. The other four were afterwards preached, and are all of them now made publick, for the supportation and consolation of the saints of God in the hour of tribulation. Hereunto are annexed Mris. Moores Evidences for Heaven, composed and collected by her in the time of her health, for her comfort in the time of sicknesse. By Ed. Calamy, B.D. and pastor of the church at Aldermanbury 205 $aThe third edition corrected and amended. 210 $aLondon $cprinted for John Hancock (brother to the late deceased Eliz. Moore) to be sold at the first shop in Popes-head-Alley, next to Cornhill. And for Thomas Parkhurst at the three Crowns over against the great Conduit at the lower [sic] of Cheapside$d1661 215 $a[46], 215, [1] p 300 $aWith an advertisement bound at the end of the preliminary matter. 300 $aReproduction of original in the University of Illinois (Urbana-Champaign Campus). Library. 330 $aeebo-0167 606 $aSermons, English$y17th century 606 $aFuneral sermons$y17th century 615 0$aSermons, English 615 0$aFuneral sermons 700 $aCalamy$b Edmund$f1600-1666.$01002065 801 0$bCu-RivES 801 1$bCu-RivES 801 2$bWaOLN 906 $aBOOK 912 $a996389382203316 996 $aThe godly mans ark or, City of refuge in the day of his distresse$92370367 997 $aUNISA